000 00594nam a22001817a 4500
005 20171114103324.0
010 _aENG-121316
020 _a9788192013701
_c100.00
035 _aEN-104848
037 _bDBAD/PUB
082 _a921
100 _aPuri, Amritaswarupananda
245 _aAmma :
_cby Swami Amritaswarupananda Puri
_bMata Amritanandamayi Devi - a biography /
260 _aKerala
_bAmrita Books
_c2010
270 _aAmrita Enterprises Private Limited, Amritapuri ,,Kollam,
_bKerala
_e690525
300 _a269 p. :
_c22 cm (Pbk)
_bill.
942 _2ddc
_cEN
_h921
_mPUR
999 _c147343
_d147343